000 00331nam a2200133Ia 4500
008 191201s2002 xx 000 0 und d
082 _a621.382
_bGUE
100 _aGUPTA, Rajeev
245 0 _aElectrical Engineering
260 _aN. Delhi
_bPragati Prakashan Meerut
_c2002
300 _a352
650 _aB.Tech(ECE)
942 _2ddc
_cBK
999 _c424
_d424